| Tag |
First Indicator |
Second Indicator |
Subfields |
| LEADER |
00000cam a2200000 i 4500 |
| 001 |
in00004362002 |
| 005 |
20211230122313.0 |
| 008 |
010731s1979 nyu 000 d eng |
| 010 |
|
|
|a 78070671
|
| 035 |
|
|
|a (OCoLC)ocm51854952
|
| 040 |
|
|
|a DLC
|b eng
|c DLC
|d SLR
|d OCLCF
|d OCLCQ
|d OCLCO
|d WAU
|d OCL
|d TXA
|
| 035 |
|
|
|a (OCoLC)51854952
|
| 050 |
|
4 |
|a PN6120.H74
|b G39 1978
|
| 090 |
|
|
|a PN6120.G34
|b G39 1979
|
| 049 |
|
|
|a TXAM
|
| 245 |
0 |
0 |
|a Gay plays :
|b the first collection /
|c edited with an introduction by William M. Hoffman.
|
| 264 |
|
1 |
|a New York :
|b Avon Books,
|c [1979]
|
| 300 |
|
|
|a 493 pages ; 18 cm
|
| 336 |
|
|
|a text
|b txt
|2 rdacontent
|
| 337 |
|
|
|a unmediated
|b n
|2 rdamedia
|
| 338 |
|
|
|a volume
|b nc
|2 rdacarrier
|
| 500 |
|
|
|a "A Bard book"
|
| 505 |
0 |
|
|a Introduction / by William M. Hoffman -- T-shirts / by Robert Patrick -- Boy meets boy / by Bill Solly and Donald Ward -- Confessions of a female disorder / by Susan Miller -- The madness of Lady Bright / by Lanford Wilson -- Entertaining Mr. Sloane / by Joe Orton -- A late snow / by Jane Chambers -- The killing of Sister George / by Frank Marcus -- Cornbury / by William M. Hoffman and Anthony Holland.
|
| 500 |
|
|
|a The Cushing Library/Women & Gender Studies copy was acquired as part of The Don Kelly Research Collection of Gay Literature and Culture.
|5 TXA
|
| 541 |
0 |
|
|a Donated by Don Kelly
|d 20150929
|
| 650 |
|
0 |
|a Homosexuality
|v Drama.
|
| 650 |
|
7 |
|a Homosexuality.
|2 fast
|0 (OCoLC)fst00959755
|
| 655 |
|
7 |
|a Drama.
|2 fast
|0 (OCoLC)fst01423879
|
| 655 |
|
7 |
|a Gay drama.
|2 fast
|0 (OCoLC)fst02000480
|
| 655 |
|
7 |
|a Lesbian drama.
|2 fast
|0 (OCoLC)fst02000479
|
| 655 |
|
7 |
|a Gay drama.
|2 lcgft
|
| 655 |
|
7 |
|a Lesbian drama.
|2 lcgft
|
| 700 |
1 |
|
|a Hoffman, William M.,
|e editor,
|e writer of introduction.
|
| 994 |
|
|
|a C0
|b TXA
|
| 948 |
|
|
|a cataloged
|b h
|c 2021/11/29
|d c
|e nbehmer
|f 11:46:48 am
|
| 999 |
f |
f |
|s ee841058-8b35-3db6-b144-fdef0e6fa9b3
|i a4b3a599-d0bb-3c50-888d-abd7bc5067ca
|t 0
|
| 952 |
f |
f |
|p noncirc
|a Texas A&M University
|b College Station
|c Cushing Memorial Library & Archives
|d Cushing: Women & Gender Studies (Does not check out)
|t 0
|e PN6120.G34 G39 1979
|h Library of Congress classification
|i unmediated -- volume
|
| 998 |
f |
f |
|a PN6120.G34 G39 1979
|t 0
|l Cushing: Women & Gender Studies (Does not check out)
|